000 00981nam a2200289 a 4500
001 000043470
005 20260508134417.0
008 140319s2013 dr ac 000 0 spa d
020 _a9789945166002
040 _aDO-SdBNP
_bspa
_cBNPHU
082 _a248.5
_bC183c
100 1 _aCamilo Camilo, Antonio Manuel
_971155
245 1 0 _a100 Testimonios de fe al Divino Niño /
_cAntonio Manuel Camilo.
246 1 0 _aCien testimonios de fe al Divino Niño
260 _aSanto Domingo :
_bBúho,
_c2013.
300 _av. :
_bil., retrs. ;
_c23 cm.
590 _aInventariado, 2018/ YL
500 _aLa biblioteca posee el v.2.
500 _aIncluye datos biográficos del autor en la solapa de la portada.
504 _aIncluye bibliografía y notas al pie de páginas.
650 0 _aFe
_91024
650 4 _aCredos
_943716
650 4 _aDevociones populares
_971156
650 0 _aMilagros
_93634
650 0 _aVida espiritual
_9268
910 _aValidado. Control de calidad EMS
999 _c42959
_d42959